00783nam a2200205 4500001000700000003000900007005001700016007000300033008004100036100002600077245013200103260004600235300003000281650003300311700003900344700003100383852002200414999001900436952012200455149040ES-MaACL20250728192015.0t|070214s1966 sp r ||||1| spa d1 aSutton, O. G.910888913aLa ciencia de la meteorología / cO.G. Sutton ; traducción del inglés por Diego Hidalgo ; revisada por Francisco Elías. aMadrid : bRevista de Occidente, c[1966] a245 p. : bil. ; c22 cm.07aMeteorología2embne9150171 aHidalgo, Diego, d1886-19619635661 aElías, Francisco.946960 aES-MaACLjC-29257 c149040d149040 00104070aATENEOMbATENEOMcDEPO2d2008-01-17eSCl0oC-29257p1155529r2023-02-23 00:00:00w2023-02-23yMONOGRAFIA